Представление документа в формате RUSMARC

ПолеНазваниеЗначение
  Тип записи a
  Библиографический уровень m
001 Контрольный номер RU/SLIB/B/208733814
005 Дата корректировки 20201206204031.6
010 Индекс ISBN __
d Цена 0-30; 0-65
101 Язык документа __
a Язык текста rus
200 Заглавие и сведения об ответственности __
a Заглавие Очерк истории Советской Конституции
b Общее обозначение материала Текст
205 Сведения об издании __
a Основные сведения об издании 2-е изд., доп.
210 Выходные данные __
a Место издания М.
c Издательство Политиздат
d Дата издания 1987
215 Физическое описание __
a Объем 367 с.
606 Тематические рубрики __
a Основная рубрика Право
z Хронологическая подрубрика 1918 г.; 1936 г.; 1977 г.; 20 в.
y Географическая подрубрика СССР; Россия
606 Тематические рубрики __
a Основная рубрика Конституционное (государственное) право в целом
610 Ключевые слова __
a Ключевые слова государственное право; конституционное законодательство; социализм; история конституции
686 Индексы других классификаций __
a Классификационный индекс 67.400.11-1(2); ст67.400
700 Автор __
a Фамилия Кукушкин
b Имя Ю. С.
4 Код отношения 070
701 Альтернативная интеллектуальная ответственность __
a Фамилия Чистяков
b Имя О.И.
801 Источник записи _0
a Страна RU
b Организация Муниципальное бюджетное учреждение культуры "Централизованная библиотечная система" г. Сургут (Центральная городская библиотека им. А. С. Пушкина)
g Правила каталогизации КиК/Михайлова
801 Источник записи _1
a Страна RU
b Организация Муниципальное бюджетное учреждение культуры "Централизованная библиотечная система" г. Сургут (Центральная городская библиотека им. А. С. Пушкина)
g Правила каталогизации КиК/Михайлова
852 Данные о местонахождении __
j Шифр хранения 67.400.11-1(2)
c Каталожный индекс 67.400.1(2)
i Авторский знак К 89
p Инвентарный номер 17893(п); 29667
901 Тип документа __
t Тип документа m
990 Данные о заказе (DOS) __
j Количество экземпляров (DOS) 1